Szczegóły MARC21

Goethe ! : ein Komet am Himmel der Jahrhunderte. Band 3, Der klassische Goethe 1786-1805 /

003 -Nazwa inst., której nr kontr. jest w polu 001 [,]
    • @
    • Nazwa instytucji, której n kontrolny jest w polu 001
    • NUKAT
005 -DATA I CZAS OSTATNIEJ MODYFIKACJI [,]
    • @
    • pole kontrolne
    • 20250530084746.0
020 -Międzynarod. znormalizowany nr książki - ISBN [ , ]
    • a
    • Numer ISBN
    • 3932289234 Find
    • q
    • Dopowiedzenie
    • Bd. 3
020 -Międzynarod. znormalizowany nr książki - ISBN [ , ]
    • a
    • Numer ISBN
    • 393228920X Find
    • q
    • Dopowiedzenie
    • Gesamtausgabe
040 -Instytucja sporządzająca opis [ , ]
    • a
    • Instytucja, która sporządziła opis (NP)
    • SZCZ U/EP
    • b
    • Język katalogowania
    • pol
    • e
    • Zasady katalogowania
    • rda
    • c
    • Instytucja, która sporządziła rekord (NP)
    • SZCZ U/EPs
942 -Rodzaj dokumentu [ , ]
    • c
    • Rodzaj dokumentu
    • Książka
245 -Strefa tytułu i oznaczenia odpowiedzialności [0,0]
    • a
    • Tytuł
    • Goethe ! : Find
    • b
    • Ciąg dalszy tytułu (NP)
    • ein Komet am Himmel der Jahrhunderte. Find
    • n
    • Oznaczenie części (P)
    • Band 3,
    • p
    • Nazwa części (P)
    • Der klassische Goethe 1786-1805 /
    • c
    • Pozostałe elementy strefy tytułu i oznaczenia odpowiedzialności (NP)
    • herausgegeben und erarbeitet von Erwin Leibfried.
246 -Wariant tytułu [1,4]
    • a
    • Tytuł (NP)
    • Der klassische Goethe 1786-1805
260 -Strefa adresu wydawniczego [ , ]
    • a
    • Miejsce wydania (P)
    • Fermwald :
    • b
    • Nazwa wydawcy (P)
    • Litblockin,
    • c
    • Data wydania (P)
    • 1999.
300 -Strefa opisu fizycznego [ , ]
    • a
    • Określenie formy książki i/lub objętość (NP)
    • 322 strony :
    • b
    • Oznaczenie ilustracji (NP)
    • ilustracje ;
    • c
    • Format (NP)
    • 22 cm.
336 -Typ zawartości [ , ]
    • a
    • Termin opisujący typ zawartości
    • Tekst
    • b
    • Kod określający zawartość
    • txt
    • 2
    • Źródło (terminu i kodu)
    • rdacontent
337 -Typ mediów [ , ]
    • a
    • Tryb odtwarzania
    • Bez urządzenia pośredniczącego
    • b
    • Kod typu mediów
    • n
    • 2
    • Źródło (terminu i kodu)
    • rdamedia
338 -Typ/rodzaj nośnika [ , ]
    • a
    • Hasło opisujące typ nośnika
    • Wolumin
    • b
    • Kod typu nośnika
    • nc
    • 2
    • Źródło (terminu i kodu)
    • rdacarrier
500 -Uwaga ogólna [ , ]
    • a
    • Uwaga ogólna (NP)
    • Na okładce: aus Anlaß des 250. Geburtstages.
546 -Uwaga dot. języka [ , ]
    • a
    • Uwaga dot. języka
    • Indeks.
080 -Uniwersalna Klasyfikacja Dziesiętna [ , ]
    • a
    • Symbol klasyfikacji
    • 830(091)-1/-9"17/18"Goethe J.W.=30
600 -Hasło przedmiotowe w formie nazwy osobowej [1,7]
    • a
    • Nazwa osobowa
    • Goethe, Johann Wolfgang von
    • d
    • Daty związane z nazwą
    • (1749-1832)
    • x
    • Określnik rzeczowy
    • dzieciństwo i młodość.
    • 2
    • Źródło terminu
    • kaba
    • 9
    • KHW
    • 638233
600 -Hasło przedmiotowe w formie nazwy osobowej [1,7]
    • a
    • Nazwa osobowa
    • Goethe, Johann Wolfgang von
    • d
    • Daty związane z nazwą
    • (1749-1832)
    • v
    • Określnik formalny
    • korespondencja.
    • 2
    • Źródło terminu
    • kaba
    • 9
    • KHW
    • 499819
655 -Hasło w funkcji tematu formalnego [ ,7]
    • a
    • Hasło
    • Literatura niemiecka
    • y
    • Określnik chronologiczny
    • 18 w.
    • 2
    • Źródło terminu
    • kaba
    • 9
    • KHW
    • 117339
980 -Symbol UKD [ , ]
    • a
    • UKD
    • 830(091)-1/-9"17/18"Goethe J.W.=30
700 -Hasło dodatkowe - nazwa osobowa [1, ]
    • a
    • Nazwa osobowa (NP)
    • Leibfried, Erwin Find
    • d
    • Daty biograficzne (NP)
    • (1942-2019).
    • e
    • Określenie rodzaju współpracy
    • Redakcja
    • 9
    • KHW
    • 287053
710 -Hasło dodatkowe - nazwa ciała zbiorowego [2, ]
    • a
    • Nazwa ciała zbiorowego lub nazwa geograficzna jako pierwszy element (NP)
    • Litblockín-Verlag.
    • e
    • Rodzaj współpracy
    • Wydawca
    • 4
    • Kod relacji
    • pbl
    • 9
    • KHW
    • 453470
920 -ISBN [ , ]
    • a
    • ISBN
    • 3-932289-23-4 Find
    • q
    • Dopowiedzenie
    • Bd. 3
920 -ISBN [ , ]
    • a
    • ISBN
    • 393228920X Find
    • q
    • Dopowiedzenie
    • Gesamtausgabe
Sygnatura Status udost. Numer inwentarzowy Lokalizacja Data inwentaryzacji
 1G.16669BM2004-01-21
Germ. Literaturozn. – Goethe 32-3G.16394BM2002-03-22